Top 10 Most Obese U.S. States - Statistics

General Stats
  • This quiz has been taken 81,519 times
    22,157 since last reset
  • The average score is 7 of 10
Answer Stats
% State % Correct
39.2 Alabama
88%
40.1 Mississippi
84%
37.7 Kentucky
79%
40.0 Arkansas
78%
39.9 Louisiana
76%
37.6 Tennessee
76%
38.7 Oklahoma
70%
41.2 West Virginia
66%
37.8 Iowa
59%
37.8 Indiana
58%
No matching quizzes found
Score Distribution
Percent of People with Each Score
Percentile by Number Answered
Your Score History
You have not taken this quiz since the last reset